LEADER 01371nam0 2200313 450 001 000044005 005 20180206142039.0 100 $a20180129d1951----km-y0itaa50------ba 101 0 $aita 102 $aIT 200 1 $aCapitanata$enuovi studi economici$fAntonio Lo Re 210 $aFoggia$cArti grafiche S. Pescatore$d1951 215 $a251 p.$cill.$d24 cm. 300 $aRistampa dell'ed. del 1913 a cura del Consorzio Generale per la bonifica 316 $aSulla pagina precedente il frontespizio, firma autografa e data: Gioacchino Viggiani, 10 giugno 1952 606 1 $aEconomia agraria$yCapitanata 607 $aCapitanata$xCondizioni economiche e sociali$zSec. 19.-20. 676 $a338.10945757$v(22. ed.)$9Produzione. Agricoltura. Capitanata 676 $a330.945757$v(22. ed.)$9Economia. Situazioni e condizioni economiche. Capitanata 700 1$aLo Re,$bAntonio$068058 801 0$aIT$bUniversità della Basilicata - B.I.A.$gREICAT$2unimarc 912 $a000044005 996 $aCapitanata$9159523 997 $aUNIBAS CAT $aSTD016$b01$c20180129$lBAS01$h1835 CAT $aTTM$b30$c20180206$lBAS01$h1406 CAT $aTTM$b30$c20180206$lBAS01$h1420 FMT Z30 -1$lBAS01$LBAS01$mBOOK$1BASA2$APolo Tecnico-Scientifico$2FVIG$BFondo Viggiani$3FVig/41896$641896$5T41896$7Collocato presso la Scuola di Agraria$820180129$f35$FStanza riservata LEADER 01059cam0 22003011 450 001 SOBE00048337 005 20150807114125.0 100 $a20150807d1974 |||||ita|0103 ba 101 $aita 102 $aIT 200 1 $aCommento al Vangelo di Luca$fOrigene$gtraduzione di Salvatore Aliquo$gintroduzione e note di Carmelo Failla 205 $a2. ed 210 $aRoma$cCitta Nuova$d1974 215 $a304 p.$d22 cm 225 2 $aVangeli commentati dai Padri$hN.S. 410 1$1001SOBE00048338$12001 $aI *Vangeli commentati dai Padri. N.S. 700 0$aOrigenes$3AF00006976$4070$0164524 702 1$aFailla, Carmelo$3SOBA00008424$4070 702 1$aAliquò, Salvatore$3SOBA00008305$4070 801 0$aIT$bUNISOB$c20150807$gRICA 850 $aUNISOB 852 $aUNISOB$j200$m30000 912 $aSOBE00048337 940 $aM 102 Monografia moderna SBN 941 $aM 957 $a200$b000170$gSI$d30000$racquisto$1bethb$2UNISOB$3UNISOB$420150807114102.0$520150807114125.0$6bethb 996 $aCommento al Vangelo di Luca$9537862 997 $aUNISOB LEADER 01221nam0 22002771i 450 001 UON00403886 005 20231205104709.255 100 $a20120125d1971 |0itac50 ba 101 $asrp 102 $aYU 105 $a|||| 1|||| 200 1 $aAkuzativne sintagme bez predloga u srpskohrvatskom jeziku$fDarinka Gortan-Premk 210 $aBeograd$cInstitut za srpskohrvatski jezik$d1971 215 $a180 p.$d24 cm. 410 1$1001UON00403891$12001 $aInstitut za srpskohrvatski jezik. Biblioteka Juznoslovenskog filologa. Nova Serija$furednik Mihailo Stevanovic$v2 606 $aLingua serbo-croata$xGrammatica$3UONC052475$2FI 620 $aRS$dBelgrado$3UONL001000 676 $a491.82$cSERBO CROATO$v21 700 1$aGORTAN-PREMK$bDarinka$3UONV160746$0691949 712 $aInstitut za srpskohrvatski jezik$3UONV279083$4650 801 $aIT$bSOL$c20250704$gRICA 899 $aSIBA - SISTEMA BIBLIOTECARIO DI ATENEO$2UONSI 912 $aUON00403886 950 $aSIBA - SISTEMA BIBLIOTECARIO DI ATENEO$dSI FL 21 0051 $eSI SL 2177 5 0051 $sBuono 996 $aAkuzativne sintagme bez predloga u srpskohrvatskom jeziku$91345149 997 $aUNIOR